| 000 | 01544cam a2200325 4500 | ||
|---|---|---|---|
| 001 | ABS67703 | ||
| 008 | 040408n2004 000 0 eng u | ||
| 035 | _a(Sirsi) u125808 | ||
| 100 | _aThomas, H. | ||
| 245 | _aInternational corporate real estate supplement | ||
| 260 | _c2004 | ||
| 490 |
_aProperty Week _v69(10) 5 March 2004 (35) (LOAN) |
||
| 520 | _aThe leading article discusses the importance of corporate social responsibility. "News in pictures"covers getting ready for MIPIM, women in the office and Telenor's new headquarters. "Are you ready for this" considers whether social corporate responsibility is practical for profits. "Office satisfaction" examines research results of what employees think of their office environments. "Get flexible" reports that hotdesking is out and flexible working is in. "Divide and rule" asks whether the trophy headquarters of the investment banks can survive in the long term. The concluding article "Jobs watch" looks at opportunities in corporate real estate and gives a brief overview of comparable salaries. | ||
| 590 | _aABS | ||
| 590 | _aABS | ||
| 650 | _aCORPORATE REAL ESTATE | ||
| 650 | _aCORPORATE SOCIAL RESPONSIBILITY | ||
| 650 | _aMIPIM | ||
| 650 | _aOFFICE ENVIRONMENTS | ||
| 650 | _aHOTDESKING | ||
| 650 | _aFLEXIBLE WORKING | ||
| 650 | _aINVESTMENT BANKS | ||
| 650 | _aSURVEYING FIRMS | ||
| 650 | _aACCOUNTANCY FIRMS | ||
| 650 | _aSALARIES | ||
| 650 | _aJOB OPPORTUNITIES | ||
| 690 |
_aCOMMERCIAL PROPERTY _96227 |
||
| 700 | _aJudd, D. | ||
| 942 | _n0 | ||
| 999 |
_c117193 _d117193 |
||